All Serie A Teams Ever - Statistics

General Stats
  • This quiz has been taken 18,110 times
    4,579 since last reset
  • The average score is 42 of 68
Answer Stats
Team % Correct
Milan
99%
Inter Milan
98%
Juventus
98%
Roma
97%
Lazio
95%
Napoli
95%
Fiorentina
92%
Atalanta
91%
Torino
91%
Bologna
89%
Genoa
89%
Palermo
89%
Cagliari
86%
Parma
86%
Udinese
86%
Hellas Verona
85%
Sampdoria
85%
Venezia
84%
Bari
83%
Como
83%
Sassuolo
82%
Pisa
81%
Lecce
80%
Chievo Verona
74%
Catania
71%
Monza
70%
Brescia
69%
Cremonese
69%
Empoli
67%
Salernitana
67%
Livorno
63%
Pescara
62%
Frosinone
59%
Modena
59%
Spezia
58%
Benevento
57%
Perugia
55%
Ascoli
53%
Cesena
53%
Vicenza
53%
SPAL
52%
Crotone
51%
Messina
51%
Padova
50%
Reggina
50%
Siena
49%
Ancona
48%
Reggiana
48%
Avellino
47%
Catanzaro
47%
Pro Vercelli
47%
Foggia
46%
Novara
43%
Piacenza
43%
Triestina
43%
Carpi
41%
Mantova
41%
Alessandria
38%
Lecco
38%
Ternana
36%
Varese
34%
Treviso
33%
Lucchese
26%
Pro Patria
26%
Casale
25%
Pistoiese
23%
Legnano
17%
Liguria
13%
No matching quizzes found
Score Distribution
Percent of People with Each Score
Percentile by Number Answered
Your Score History
You have not taken this quiz since the last reset